| 000 | 00393nam a2200145Ia 4500 | ||
|---|---|---|---|
| 008 | 220217s9999||||xx |||||||||||||| ||und|| | ||
| 020 | _a81-224-1839-2 | ||
| 082 | _a628.168 GOE | ||
| 100 |
_aGoel, P.K _97178 |
||
| 245 | 0 | _aWater pollution | |
| 250 | _a2nd | ||
| 260 |
_aNew age international private, Ltd. _bNew Delhi _c2008 |
||
| 300 |
_aXIII,418p.;28cm _b195 |
||
| 650 | _aCHEMISTRY | ||
| 999 |
_c180703 _d180703 |
||